Zakladanie a súčasný stav európskych spoločností v EÚ
Zavedenie inštitútu európskej spoločnosti ( po latinky Societas europea - SE). Základná charakteristika európskej akciovej spoločnosti. Fungovanie SE a ich počet v Európskej únii.Vývoj počtu založených SE v EÚ.
Enregistré dans:
| Auteur principal: | |
|---|---|
| Autres auteurs: | |
| Format: | Chapitre de livre |
| Langue: | slovaque |
| Sujets: | |
| Tags: |
Pas de tags, Soyez le premier à ajouter un tag!
|
MARC
| LEADER | 00000nla$a2200000$$$4500 | ||
|---|---|---|---|
| 001 | 0076146 | ||
| 005 | 20240502071906.4 | ||
| 041 | 0 | |a slo | |
| 044 | |a SK | ||
| 245 | 1 | 0 | |a Zakladanie a súčasný stav európskych spoločností v EÚ |c Tomáš Ďuriš, Mária Hricová |
| 520 | |a Zavedenie inštitútu európskej spoločnosti ( po latinky Societas europea - SE). Základná charakteristika európskej akciovej spoločnosti. Fungovanie SE a ich počet v Európskej únii.Vývoj počtu založených SE v EÚ. | ||
| 610 | 2 | 0 | |a Európska únia |
| 610 | 2 | 0 | |a spoločnosti akciové |
| 610 | 2 | 0 | |a spolupráca hospodárska medzinárodná |
| 610 | 2 | 0 | |a právo komunitárne |
| 100 | 1 | |a Ďuriš, Tomáš | |
| 700 | 1 | |a Hricová, Mária | |